Т. 6: XIX век; История человечества

Bibliographic Details
Parent link:История человечества: в 8 т./ Российская академия наук, Институт российской истории; ЮНЕСКО; под ред. А. Н. Сахарова. Т. 6: XIX век.— , 2003-.— 5-89317-154-3
Other Authors: Матиас П. Питер (редактор), Тодоров Н. Николай
Language:Russian
Published: 2005
Subjects:
Format: Book
KOHA link:https://koha.lib.tpu.ru/cgi-bin/koha/opac-detail.pl?biblionumber=87588

MARC

LEADER 00000nam2a2200000 4500
001 87588
005 20240821130005.0
010 |a 5893171608 
035 |a (RuTPU)RU\TPU\book\94023 
090 |a 87588 
100 |a 20051212d2005 k y0rusy50 ca 
101 0 |a rus 
102 |a RU 
105 |a af f 001zy 
200 0 |a Т. 6: XIX век  |f под ред. П. Матиаса, Н. Тодорова 
210 |d 2005 
215 |a 634 с., 37 л. ил.  |c карты 
320 |a Библиография в конце глав. 
320 |a Хронологическая таблица: с. 587-634 
461 1 |0 (RuTPU)RU\TPU\book\75508  |y 5-89317-154-3  |t История человечества  |o в 8 т.  |f Российская академия наук, Институт российской истории; ЮНЕСКО; под ред. А. Н. Сахарова  |v Т. 6: XIX век  |d 2003- 
606 1 |a Всеобщая история  |2 stltpush  |3 (RuTPU)RU\TPU\subj\3762 
606 |a Всеобщая история  |7 ca  |8 rus  |z 16 в. - 1918  |2 stltpush  |3 (RuTPU)RU\TPU\subj\59016  |9 76683 
610 1 |a история 
610 1 |a всемирная история 
610 1 |a 19 век 
610 1 |a экономика 
610 1 |a политика 
610 1 |a народонаселение 
610 1 |a культура 
610 1 |a искусство 
610 1 |a общество 
610 1 |a религии 
610 1 |a наука 
610 1 |a образование 
610 1 |a Европа 
610 1 |a Америка 
610 1 |a Азия 
610 1 |a Африка 
610 1 |a Австралия 
610 1 |a энциклопедии 
686 |a Т3(0)  |v LBC/SL-A  |2 rubbk 
686 |a Т3(0)5  |v LBC/SL-A  |2 rubbk 
702 1 |a Матиас  |b П.  |g Питер  |4 340 
702 1 |a Тодоров  |b Н.  |g Николай  |4 340 
801 1 |a RU  |b 63413507  |c 20051212  |g PSBO 
801 2 |a RU  |b 63413507  |c 20230410  |g PSBO 
900 |a История мировых цивилизаций 
942 |c BK